000 01356nam a22003617a 4500
003 OSt
005 20251105110124.0
007 ta
008 201104b 2020 dr 00| 0 eng d
020 _a9789945922295
040 _aDO-SdBNP
_bspa
_cBNPHU
_erda
041 _hspa
082 4 _a918
_bH519u 2020
_222
100 1 _aHenríquez Ureña, Pedro,
_d1884-1946
_91718
245 1 0 _aLa utopía de América /
_cPedro Henríquez Ureña ; prólogo Miguel D. Mena.
260 _aSanto Domingo :
_bInstituto Superior de Formación Docente Salomé Ureña,
_c2020.
300 _a85 páginas ;
_c23 cm.
336 _atexto
_btxt
_2rdacontent
337 _asin mediación
_bn
_2rdamedia
338 _avolumen
_bnc
_2rdacarrier
490 1 _aClásicos dominicanos. Serie II
490 1 _aEnsayos
500 _aIncluye notas al pie de las paginas
505 _aLa Utopía de América --
_tPatria de la Justicia --
_tPedro Henríquez Ureña
590 _aInventariado, 2020 /LP
600 1 0 _aHenríquez Ureña, Pedro,
_d1884-1946
_xPensamiento sociológico
_91718
650 4 _aLiteratura hispanoamericana
_xHistoria y critica
_96273
651 0 _aAmérica Latina
_xCivilización
_916665
700 1 _aMena, Miguel D.,
_eprólogo
_929501
830 0 _aClásicos dominicanos. Serie II
_977136
910 _aValidado. Control de calidad MFF
942 _2ddc
_cLBS1
999 _c49054
_d49054